Introductory mathmatics for economics and business / (Record no. 176908)
[ view plain ]
| 000 -LEADER | |
|---|---|
| fixed length control field | 00792 a2200193 4500 |
| 003 - CONTROL NUMBER IDENTIFIER | |
| control field | Nust |
| 005 - DATE AND TIME OF LATEST TRANSACTION | |
| control field | 20221110130215.0 |
| 020 ## - INTERNATIONAL STANDARD BOOK NUMBER | |
| International Standard Book Number | 0333994426 |
| 040 ## - CATALOGING SOURCE | |
| Transcribing agency | Nust |
| 082 ## - DEWEY DECIMAL CLASSIFICATION NUMBER | |
| Classification number | 512.024,HOL |
| 100 ## - MAIN ENTRY--PERSONAL NAME | |
| Personal name | Holden, K. |
| 9 (RLIN) | 102521 |
| 245 ## - TITLE STATEMENT | |
| Title | Introductory mathmatics for economics and business / |
| Statement of responsibility, etc. | K. Holden and A.W. Pearson |
| 250 ## - EDITION STATEMENT | |
| Edition statement | 2nd ed |
| 260 ## - PUBLICATION, DISTRIBUTION, ETC. | |
| Place of publication, distribution, etc. | London |
| Name of publisher, distributor, etc. | Macmillion |
| Date of publication, distribution, etc. | 1992 |
| 300 ## - PHYSICAL DESCRIPTION | |
| Extent | 511p |
| 505 ## - FORMATTED CONTENTS NOTE | |
| Formatted contents note | Linear Equations (Page-1), Elementary Matrix Algebra (Page-43), Non-Linear Equations (Page-92), Series (Page-130), Differential Calculus (Page-165), Integral Calculus (Page-224), Partial Differentiation (Page-257), Linear Programming (Page-297), Differential Equation (Page-319), Difference Equations (Page-364). |
| 650 ## - SUBJECT ADDED ENTRY--TOPICAL TERM | |
| Topical term or geographic name entry element | Mathematics |
| 942 ## - ADDED ENTRY ELEMENTS (KOHA) | |
| Source of classification or shelving scheme | |
| Koha item type | Book |
| Call number prefix | 512.024,HOL |
| Withdrawn status | Lost status | Source of classification or shelving scheme | Damaged status | Not for loan | Permanent Location | Current Location | Shelving location | Date acquired | Full call number | Barcode | Date last seen | Price effective from | Koha item type | Public note |
|---|---|---|---|---|---|---|---|---|---|---|---|---|---|---|
| Military College of Signals (MCS) | Military College of Signals (MCS) | General Stacks | 12/12/2016 | 512.024,HOL | MCS33622 | 12/08/2016 | 12/12/2016 | Book | AAlmirah No.10, Shelf No.6 | |||||
| Military College of Signals (MCS) | Military College of Signals (MCS) | General Stacks | 12/12/2016 | 512.024,HOL | MCS33623 | 12/08/2016 | 12/12/2016 | Book | Almirah No.82, Shelf No.2 | |||||
| Military College of Signals (MCS) | Military College of Signals (MCS) | General Stacks | 12/12/2016 | 512.024,HOL | MCS33624 | 12/08/2016 | 12/12/2016 | Book | Almirah No.82, Shelf No.2 | |||||
| Military College of Signals (MCS) | Military College of Signals (MCS) | General Stacks | 12/12/2016 | 512.024,HOL | MCS33625 | 12/08/2016 | 12/12/2016 | Book | Almirah No.82, Shelf No.2 |
